000 01139nam a22003497a 4500
003 CHAP
005 20220329134041.0
008 971013s1964 r 00010 d
010 _a14678
011 _a15650
035 _a19726
040 _cCHAP
090 _aTesis
100 0 0 _aCastro Gil, Mario.
_920366
245 _aRendimiento y eterosis en cruzas interracionales en México
260 _aChapingo, Méx. :
_bEl autor,
_c1964
300 _apág. varía
502 _aTesis (Maestro en Ciencias Agrícolas) -- ENA. Colegio de Postgraduados
590 _aALEPH
_b10
_c20130110
_lUCH01
_h1236
590 _aBATCH-UPD
_b10
_c20130110
_lUCH01
_h1722
590 _aBATCH-UPD
_b10
_c20130410
_lUCH01
_h1105
590 _aBATCH-UPD
_b10
_c20130914
_lUCH01
_h1715
590 _aCONVERSION
_b10
_c20130109
_lUCH01
_h1309
650 1 4 _aMaíz
_xHíbridos.
_970974
650 1 4 _aMaíz
_xMejoramiento.
_971006
901 _aBK
942 _cFOLL
949 _bBC
_cTES
_d-46009
_eTS1
_i19726
_si
949 _bBC
_cTES
_d-46010
_eTS2
_fc.2
_i19726
_si
949 _bBC
_cTES
_d-46011
_eTS2
_fc.3
_i19726
_si
949 _bBC
_cTES
_d-46012
_eTS2
_fc.4
_i19726
_si
999 _c14678
_d14678